Sports Quiz

Random Sports or MLB Quiz

MLB All-Star Center Fielders (AL) Quiz Stats

Quiz Updated Jul 15, 2015

Challenge
Share
Tweet
Embed
Score 0/88 Timer 10:00
5 Plays Today
Year Name % Correct
1991Ken Griffey
94%
1992Ken Griffey
94%
1994Ken Griffey
94%
1993Ken Griffey
94%
1990Ken Griffey
94%
1997Ken Griffey
94%
1999Ken Griffey
94%
1998Ken Griffey
94%
2016Mike Trout
90.4%
2015Mike Trout
88.4%
1953Mickey Mantle
87.1%
1954Mickey Mantle
87.1%
1955Mickey Mantle
87.1%
1956Mickey Mantle
87.1%
1957Mickey Mantle
87.1%
1958Mickey Mantle
87.1%
1959 (2)Mickey Mantle
87.1%
1960 (1)Mickey Mantle
87.1%
1960 (2)Mickey Mantle
87.1%
1961 (1)Mickey Mantle
87.1%
1961 (2)Mickey Mantle
87.1%
1964Mickey Mantle
87.1%
2000Bernie Williams
86.1%
2008Josh Hamilton
84.4%
2009Josh Hamilton
84.4%
2010Josh Hamilton
83.8%
2001Ichiro Suzuki
83.4%
2004Ichiro Suzuki
83.4%
2007Ichiro Suzuki
83.4%
2014Adam Jones
83.3%
Year Name % Correct
2013Adam Jones
82%
1939Joe DiMaggio
76.8%
1940Joe DiMaggio
76.8%
1941Joe DiMaggio
76.8%
1942Joe DiMaggio
76.8%
1947Joe DiMaggio
76.8%
1949Joe DiMaggio
76.8%
1986Kirby Puckett
76.6%
1989Kirby Puckett
76.6%
1946Dom DiMaggio
76.4%
1951Dom DiMaggio
76.4%
1952Dom DiMaggio
76.4%
2017Mookie Betts
75.6%
2012Curtis Granderson
72.7%
2011Curtis Granderson
71.7%
1995Kenny Lofton
70.1%
1996Kenny Lofton
70.1%
1969Reggie Jackson
67%
2002Torii Hunter
61.1%
1968Carl Yastrzemski
60.7%
1970Carl Yastrzemski
60.7%
1977Carl Yastrzemski
60.7%
2005Johnny Damon
59.7%
1976Fred Lynn
58.1%
1979Fred Lynn
58.1%
1980Fred Lynn
58.1%
1983Fred Lynn
58.1%
1982Fred Lynn
58.1%
1978Fred Lynn
58.1%
1962 (1)Roger Maris
56.8%
Year Name % Correct
1962 (2)Roger Maris
56.8%
1959 (1)Al Kaline
49.4%
1966Al Kaline
49.4%
1985Rickey Henderson
48.5%
1987Rickey Henderson
48.5%
1988Rickey Henderson
48.5%
2006Vernon Wells
47.4%
1981Dave Winfield
40.9%
1971Bobby Murcer
28.7%
1972Bobby Murcer
28.7%
1974Bobby Murcer
28.7%
2003Hideki Matsui
26.4%
1973Amos Otis
24.8%
1967Tony Oliva
24.4%
1984Chet Lemon
23.8%
1950Larry Doby
17.1%
1936Earl Averill
15.2%
1937Earl Averill
15.2%
1938Earl Averill
15.2%
1975Bobby Bonds
15.2%
1933Al Simmons
11.3%
1934Al Simmons
11.3%
1935Al Simmons
11.3%
1963Albie Pearson
4.9%
1965Vic Davalillo
3.3%
1948Hoot Evers
3.1%
1943Chet Laabs
2.2%
1944Thurman Tucker
2%

You're not logged in!

Compare scores with friends on all Sporcle quizzes.
Sign Up with Email
OR
Log In

You Might Also Like...

Show Comments

Extras

Top Quizzes Today


Score Distribution

Your Account Isn't Verified!

In order to create a playlist on Sporcle, you need to verify the email address you used during registration. Go to your Sporcle Settings to finish the process.